Państwa Europy na literę "S" - Statystyki

Ogólne statystyki
  • Ten quiz został rozwiązany 119 razy
  • Średni wynik to 6 z 6
Statystyki odpowiedzi
Państwo % Poprawnych
Szwecja
99%
Słowacja
96%
Słowenia
94%
Serbia
91%
Szwajcaria
89%
San Marino
88%
Nie znaleziono quizów pasujących do podanych kryteriów
Rozkład punktacji
Procent ludzi z każdym wynikiem
Percentyl według liczby udzielonych odpowiedzi
Twoja historia wyników
Nie rozwiązałeś tego quizu